MARC details
| 000 -LEADER |
| fixed length control field |
01821cam a2200421 a 4500 |
| 005 - DATE AND TIME OF LATEST TRANSACTION |
| control field |
20250801143130.0 |
| 020 ## - INTERNATIONAL STANDARD BOOK NUMBER |
| International Standard Book Number |
9780545344616 |
| 040 ## - CATALOGING SOURCE |
| Original cataloging agency |
NLC |
| Language of cataloging |
eng |
| Transcribing agency |
NLC |
| Modifying agency |
BAKER |
| -- |
BTCTA |
| -- |
HSA |
| -- |
IHE |
| -- |
EHH |
| -- |
YDXCP |
| -- |
UPZ |
| -- |
VP@ |
| -- |
XY4 |
| -- |
TXA |
| -- |
CUY |
| -- |
JBO |
| -- |
MNF |
| -- |
CQU |
| -- |
AU@ |
| -- |
BDX |
| -- |
CNAHP |
| -- |
P4I |
| -- |
CNNWL |
| -- |
OCLCF |
| -- |
DML |
| -- |
P@N |
| -- |
CD5 |
| -- |
CHILD |
| -- |
CSJ |
| -- |
GRC |
| -- |
NLC |
| -- |
PX9 |
| -- |
KL6 |
| -- |
MHW |
| -- |
KJ6 |
| -- |
VTU |
| -- |
ILM |
| -- |
SEO |
| -- |
TXJAS |
| -- |
OCLCQ |
| -- |
TCJ |
| -- |
LKC |
| -- |
OCLCQ |
| -- |
UTP |
| -- |
TXSCH |
| -- |
OCLCO |
| -- |
DLC |
| 050 00 - LIBRARY OF CONGRESS CALL NUMBER |
| Classification number |
PZ7.W33225 |
| Item number |
2007 |
| 082 00 - DEWEY DECIMAL CLASSIFICATION NUMBER |
| Classification number |
813.6 |
| 100 1# - MAIN ENTRY--PERSONAL NAME |
| Personal name |
Watt, Mélanie |
| Dates associated with a name |
1975- |
| Relator term |
author |
| 245 10 - TITLE STATEMENT |
| Title |
Chester / |
| Statement of responsibility, etc. |
written and illustrated by Mélanie Watt |
| 250 ## - EDITION STATEMENT |
| Edition statement |
First Scholastic priniting , February 2011 |
| 260 ## - PUBLICATION, DISTRIBUTION, ETC. |
| Place of publication, distribution, etc. |
New York : |
| Name of publisher, distributor, etc. |
Scholastic ; |
| Date of publication, distribution, etc. |
2007 . |
| 300 ## - PHYSICAL DESCRIPTION |
| Extent |
24 unnumbered pages : |
| Other physical details |
color illustrations ; |
| Dimensions |
26 cm . |
| 505 ## - FORMATTED CONTENTS NOTE |
| Formatted contents note |
J <br/> |
| 520 ## - SUMMARY, ETC. |
| Summary, etc. |
As the author/illustrator attempts to create a picture book about a mouse in a house, her rotund feline Chester sends the mouse packing and attempts to rewrite the story with his handy red marker. |
| 521 ## - TARGET AUDIENCE NOTE |
| Target audience note |
480 <br/> |
| Source |
Lexile <br/> |
| 521 ## - TARGET AUDIENCE NOTE |
| Target audience note |
J <br/> |
| Source |
Raz-Plus <br/> |
| 650 #0 - SUBJECT ADDED ENTRY--TOPICAL TERM |
| Topical term or geographic name entry element |
Cats |
| Form subdivision |
Juvenile fiction. |
| 650 #0 - SUBJECT ADDED ENTRY--TOPICAL TERM |
| Topical term or geographic name entry element |
Storytelling |
| Form subdivision |
Juvenile fiction. |
| 650 #1 - SUBJECT ADDED ENTRY--TOPICAL TERM |
| Topical term or geographic name entry element |
Cats |
| Form subdivision |
Fiction. |
| 650 #1 - SUBJECT ADDED ENTRY--TOPICAL TERM |
| Topical term or geographic name entry element |
Animals |
| Form subdivision |
Fiction. |
| 650 #1 - SUBJECT ADDED ENTRY--TOPICAL TERM |
| Topical term or geographic name entry element |
Storytelling |
| Form subdivision |
Fiction. |
| 650 #7 - SUBJECT ADDED ENTRY--TOPICAL TERM |
| Topical term or geographic name entry element |
Cats. |
| Source of heading or term |
fast |
| Authority record control number or standard number |
(OCoLC)fst00849374 |
| 650 #7 - SUBJECT ADDED ENTRY--TOPICAL TERM |
| Topical term or geographic name entry element |
Picture books for children. |
| Source of heading or term |
fast |
| Authority record control number or standard number |
(OCoLC)fst01063717 |
| 650 #7 - SUBJECT ADDED ENTRY--TOPICAL TERM |
| Topical term or geographic name entry element |
Storytelling. |
| Source of heading or term |
fast |
| Authority record control number or standard number |
(OCoLC)fst01134169 |
| 650 #7 - SUBJECT ADDED ENTRY--TOPICAL TERM |
| Topical term or geographic name entry element |
Cats |
| Form subdivision |
Fiction. |
| Source of heading or term |
sears |
| 650 #7 - SUBJECT ADDED ENTRY--TOPICAL TERM |
| Topical term or geographic name entry element |
Mice |
| Form subdivision |
Fiction. |
| Source of heading or term |
sears |
| 655 #7 - INDEX TERM--GENRE/FORM |
| Genre/form data or focus term |
Animal fiction. |
| Source of term |
lcgft |
| 655 #7 - INDEX TERM--GENRE/FORM |
| Genre/form data or focus term |
Picture books. |
| Source of term |
lcgft |
| 655 #7 - INDEX TERM--GENRE/FORM |
| Genre/form data or focus term |
Picture books. |
| Source of term |
fast |
| Authority record control number or standard number |
(OCoLC)fst01726789 |
| 655 #7 - INDEX TERM--GENRE/FORM |
| Genre/form data or focus term |
Fiction. |
| Source of term |
fast |
| Authority record control number or standard number |
(OCoLC)fst01423787 |
| 655 #7 - INDEX TERM--GENRE/FORM |
| Genre/form data or focus term |
Juvenile works. |
| Source of term |
fast |
| Authority record control number or standard number |
(OCoLC)fst01411637 |
| 906 ## - LOCAL DATA ELEMENT F, LDF (RLIN) |
| a |
7 |
| b |
cbc |
| c |
copycat |
| d |
2 |
| e |
ncip |
| f |
20 |
| g |
y-gencatlg |
| 942 ## - ADDED ENTRY ELEMENTS (KOHA) |
| Source of classification or shelving scheme |
Dewey Decimal Classification |
| Koha item type |
Books |
| Suppress in OPAC |
No |
| 999 ## - |
| -- |
4416 |
| -- |
4416 |